| 000 | 01146cam a2200205 4500 | ||
|---|---|---|---|
| 001 | ABS67767 | ||
| 008 | 040505n2004 000 0 eng u | ||
| 035 | _a(Sirsi) u126092 | ||
| 100 | _aHolder, J. | ||
| 245 | 2 | _aA simpler way? | |
| 260 | _c2004 | ||
| 490 |
_aEstates Gazette _v(0417) 24 April 2004, 120-122(3) |
||
| 520 | _aExamines the pros and cons of using certificates of title, a staple of borrower/lender transactions, in buyer/seller transactions. The certificate, as exemplified by the standard document designed by the City of London Law Society, combines a factual statement about the property for sale, details of easements benefiting the property and a series of representations about the site. Considers how buyers' and sellers' expectations relate to the actuality of use of certificates of title, discusses contentious points and issues for buyers and outlines the best possible use of certificates. Summarises the City of London Law Society guidance notes. | ||
| 590 | _aABS | ||
| 590 | _aABS | ||
| 650 | _aEASEMENTS | ||
| 650 | _aCERTIFICATES OF TITLE | ||
| 690 | _aPROPERTY AND LAND LAW-CONVEYANCING | ||
| 942 | _n0 | ||
| 999 |
_c117287 _d117287 |
||